000 00633nam a22001337a 4500
040 _cRUA
082 _aAVM CHH 2018 B649 Or.1
100 _aCHHEN YAT ឆេង យ៉ាត
245 _apresence of bactria in beef on the market in pea reang district, prey veng province វត្តមាននៃវាក់តេរីលើសាច់គោលើទីផ្សារស្រុកពារាំង ខេត្ត ព្រៃវែង​
260 _aRUA
_bPHNOM PENH
_c2018
300 _avii;35p
_bill;
_c29cm
856 _uhttps://drive.google.com/file/d/1RmjCJ0J3PwEE5wArQiwJpUjv-GaE5u9g/view?usp=sharing
942 _cAVM
999 _c18305
_d18305